| 000 | 00899cam a22002054a 4500 | ||
|---|---|---|---|
| 005 | 20250605164227.0 | ||
| 008 | 250528s ||||||||||||||||||||||||d | ||
| 035 | _a20897 | ||
| 020 | _a9789604681389 | ||
| 040 |
_aGR-AtMCL _bgre _dGR-AtMCL _eAACR2 |
||
| 245 | 1 | _aΑπό Γιορτή σε Γιορτή / Με απίθανα παιχνίδια | |
| 260 | _c2016 | ||
| 300 | _a62 | ||
| 520 | _aΚαλοκαίρι...Δύο αδερφάκια, ο Γιάννης και η Μαρία, μαζί με τον ξάδελφό τους τον Τάσο ετοιμάστηκαν για την εκδρομή στο δάσος. Τους έχει ξεσηκώσει ο θείος Πελοπίδας. Εκείνος ξέρει καλά το βουνό... | ||
| 700 | 1 |
_aΜιχάλη Σιδέρη _96268 |
|
| 700 | 1 |
_aΠαυλίδη Ελευθερία _96886 |
|
| 942 | _cBK | ||
| 999 |
_c5976 _d5976 |
||